Responses for show #8433 - Wednesday, June 30, 2021

Courtney Shah game 3.
Champion's winnings & consolation amounts matched to Odyssey Atlanta.

Contestants

[<< previous game]

Abby Furnish, a government analyst from Washington, D.C.

S.A. Shenoy, a student originally from Newark, Delaware

Courtney Shah, a community college instructor from Portland, Oregon (whose 2-day cash winnings total $39,100)

[next game >>]

Jeopardy! Round responses

WORLD OF EMPIRES
BIRDS IN BOOK TITLES
SPORTS & SOCIETY
ADD AN S TO THE FRONT
(Sanjay: There are two words to each correct response there.)
AWARDS & HONORS
WE'D LIKE TO THANK THE ACADEMY
    $200 1
the Holy Roman Empire

S.A.
    $200 15
Harper Lee

Abby
    $200 8
(Sanjay: They're trying to use "governor" now.)

owner

Courtney
    $200 21
core & score

Abby
    $200 30
a revival

Abby
    $200 18
West Point

Courtney
    $400 9
Brunei

Abby
    $400 12
Sarah

Courtney
    $400 4
goalies

Abby
    $400 22
wine & swine

Courtney
    $400 26
(Sanjay: The other five are in Stockholm.)

Oslo

S.A.
    $400 17
Athens

S.A.
    $600 10
(Abby: What is the Byzantine Empire?)

the Ottoman Empire

S.A.Abby
    $600 13
(S.A.: Who is Peter Rabbit?)

Jemima

S.A.
Triple Stumper
    $600 5
boxes

Abby
    $600 23
ash & sash

S.A.
    $600 27
the Kennedy Center

Abby
    $600 16
Florence

Courtney
    $800 11
Caesar Augustus

Abby
    $800 19
the Dove

Courtney
    $800 6
the Astros

Abby
    $800 24
troll & stroll

S.A.
    $800 28
the fragrance industry

Triple Stumper
    $800 3
St. Petersburg

Abby
    $1000 14
Kandahar

Triple Stumper
    $1000 20
[ERRATUM: The correct title of the book is A Feast for Crows.]

Lannister

Courtney
    $1000 7
Title IX

Courtney
    $1000 25
ample & sample

Abby
    $2,000 29
Hillary

Abby
    $1000 2
Andover

S.A.

Scores at the first commercial break (after clue 14):

Courtney S.A. Abby
$1,600 $1,200 $3,200

Scores at the end of the Jeopardy! Round:

Courtney S.A. Abby
$4,600 $3,400 $7,400

Double Jeopardy! Round responses

STAR-SPANGLED BANTER
MAPPING THE MIDWEST
COLORFUL VOCABULARY
MAGAZINES
THE DIRECTOR'S FIRST FEATURE FILM
ARIA GRANDE
    $400 21
Whitman

S.A.
    $400 8
South Dakota

Abby
    $400 18
blue chip

Courtney
    $400 26
Better Homes and Gardens

Courtney
    $400 25
Peele

Abby
    $400 23
always free

Abby
    $800 13
Gravity

S.A.
    $800 7
North Dakota

Abby
    $800 17
redbait

Courtney
    $800 9
(Abby: What is Forbes?)
(Courtney: What is Fortune?)

Business Week

CourtneyAbby
Triple Stumper
    $800 24
Carl Reiner

Triple Stumper
    $800 27
Wagner

Abby
    $1200 22
Sagan

S.A.
    $1200 4
(Sanjay: Then South Platters got the capital moved, eventually.)

Omaha & Lincoln

Abby
    $1200 16
purple

Courtney
    $1200 10
Anna Wintour

Abby
    $1200 3
Greta Gerwig

Abby
    $1200 28
Pavarotti

S.A.
    $1600 14
The Hitchhiker's Guide to the Galaxy

Courtney
    $2,000 5
(Abby: Uh...)
...
(Sanjay: Flows 300 miles across Iowa.)

Des Moines

Abby
    $1600 19
gray

Triple Stumper
    $1600 11
(Abby: What is Consumer Reports?)

Popular Mechanics

Abby
Triple Stumper
    $1600 1
Fosse

S.A.
    $5 29
The Marriage of Figaro

S.A.
    $2000 15
Clarke

S.A.
    $2000 6
Kansas

Courtney
    $2000 20
goldbrick

Triple Stumper
    $2000 12
(S.A.: What is Harper's Weekly?)

Harper's

S.A.
Triple Stumper
    $2000 2
Singleton

S.A.
    $2000 30
Pagliacci

S.A.

Scores at the end of the Double Jeopardy! Round:

Courtney S.A. Abby
$10,200 $12,605 $9,400

[wagering suggestions for these scores]

Final Jeopardy! Round responses

20th CENTURY NOVELS
(Sanjay: [To Courtney] Huxley's novel where love is forbidden and babies are created by cloning in hatcheries.)
AbbyWhat is Metamorphosis
$5,600
CourtneyWhat is Brave New World
$8,800
S.A.What is Steppenwolfe?
$8,000
Brave New World

Final scores:

Courtney S.A. Abby
$19,000 $4,605 $3,800
3-day champion: $58,100 2nd place: $2,000 3rd place: $1,000

Game dynamics:

Coryat scores:

Courtney S.A. Abby
$10,200 $14,200 $10,400
14 R,
1 W
16 R
(including 1 DD),
2 W
20 R
(including 1 DD),
4 W
(including 1 DD)

Combined Coryat: $34,800

The J! Archive is created by fans, for fans. The Jeopardy! game show and all elements thereof, including but not limited to copyright and trademark thereto, are the property of Jeopardy Productions, Inc. and are protected under law. This website is not affiliated with, sponsored by, or operated by Jeopardy Productions, Inc. Join the discussion at JBoard.tv.